<?xml version="1.0" encoding="UTF-8"?>
<record
    xmlns:xsi="http://www.w3.org/2001/XMLSchema-instance"
    xsi:schemaLocation="http://www.loc.gov/MARC21/slim http://www.loc.gov/standards/marcxml/schema/MARC21slim.xsd"
    xmlns="http://www.loc.gov/MARC21/slim">

  <leader>00519nam a2200181   4500</leader>
  <controlfield tag="003">SEACOMMC</controlfield>
  <controlfield tag="005">20250425124915.0</controlfield>
  <controlfield tag="008">241123b        |||||||| |||| 00| 0 eng d</controlfield>
  <datafield tag="020" ind1=" " ind2=" ">
    <subfield code="a">978-14-1805-369-7</subfield>
    <subfield code="c">Rs.400.00</subfield>
  </datafield>
  <datafield tag="040" ind1=" " ind2=" ">
    <subfield code="a">SEACOMMC</subfield>
  </datafield>
  <datafield tag="082" ind1=" " ind2=" ">
    <subfield code="a">647.95 22</subfield>
    <subfield code="b">S 916</subfield>
  </datafield>
  <datafield tag="100" ind1=" " ind2=" ">
    <subfield code="a">Strianese, Anthony J</subfield>
  </datafield>
  <datafield tag="245" ind1="1" ind2=" ">
    <subfield code="a">Dining Room and Banquet Management</subfield>
    <subfield code="c">Anthony J. Strianese[and] Pamela P. Strianese.</subfield>
  </datafield>
  <datafield tag="250" ind1=" " ind2=" ">
    <subfield code="a">3rd ed.</subfield>
  </datafield>
  <datafield tag="260" ind1=" " ind2=" ">
    <subfield code="a">New York </subfield>
    <subfield code="b">Thomson </subfield>
    <subfield code="c"> 2008.</subfield>
  </datafield>
  <datafield tag="650" ind1=" " ind2=" ">
    <subfield code="a">Hospitality Industry</subfield>
  </datafield>
  <datafield tag="942" ind1=" " ind2=" ">
    <subfield code="c">BOOK</subfield>
  </datafield>
  <datafield tag="952" ind1=" " ind2=" ">
    <subfield code="0">0</subfield>
    <subfield code="1">0</subfield>
    <subfield code="2">ddc</subfield>
    <subfield code="4">0</subfield>
    <subfield code="7">0</subfield>
    <subfield code="a">SEACOMMC</subfield>
    <subfield code="b">SEACOMMC</subfield>
    <subfield code="c">REF</subfield>
    <subfield code="d">2007-11-20</subfield>
    <subfield code="l">0</subfield>
    <subfield code="o">647.95 22 S 916</subfield>
    <subfield code="p">M-980</subfield>
    <subfield code="r">2024-11-23 14:04:33</subfield>
    <subfield code="w">2024-11-23</subfield>
    <subfield code="y">BOOK</subfield>
  </datafield>
  <datafield tag="952" ind1=" " ind2=" ">
    <subfield code="0">0</subfield>
    <subfield code="1">0</subfield>
    <subfield code="2">ddc</subfield>
    <subfield code="4">0</subfield>
    <subfield code="7">0</subfield>
    <subfield code="a">SEACOMMC</subfield>
    <subfield code="b">SEACOMMC</subfield>
    <subfield code="d">2007-11-20</subfield>
    <subfield code="l">0</subfield>
    <subfield code="o">647.95 22 S 916</subfield>
    <subfield code="p">M-981</subfield>
    <subfield code="r">2024-11-23 14:05:06</subfield>
    <subfield code="t">1</subfield>
    <subfield code="w">2024-11-23</subfield>
    <subfield code="y">BOOK</subfield>
  </datafield>
  <datafield tag="952" ind1=" " ind2=" ">
    <subfield code="0">0</subfield>
    <subfield code="1">0</subfield>
    <subfield code="2">ddc</subfield>
    <subfield code="4">0</subfield>
    <subfield code="7">0</subfield>
    <subfield code="a">SEACOMMC</subfield>
    <subfield code="b">SEACOMMC</subfield>
    <subfield code="d">2007-11-20</subfield>
    <subfield code="l">0</subfield>
    <subfield code="o">647.95 22 S 916</subfield>
    <subfield code="p">M-982</subfield>
    <subfield code="r">2024-11-23 14:05:06</subfield>
    <subfield code="t">2</subfield>
    <subfield code="w">2024-11-23</subfield>
    <subfield code="y">BOOK</subfield>
  </datafield>
  <datafield tag="952" ind1=" " ind2=" ">
    <subfield code="0">0</subfield>
    <subfield code="1">0</subfield>
    <subfield code="2">ddc</subfield>
    <subfield code="4">0</subfield>
    <subfield code="7">0</subfield>
    <subfield code="a">SEACOMMC</subfield>
    <subfield code="b">SEACOMMC</subfield>
    <subfield code="d">2007-11-20</subfield>
    <subfield code="l">0</subfield>
    <subfield code="o">647.95 22 S 916</subfield>
    <subfield code="p">M-983</subfield>
    <subfield code="r">2024-11-23 14:05:06</subfield>
    <subfield code="t">3</subfield>
    <subfield code="w">2024-11-23</subfield>
    <subfield code="y">BOOK</subfield>
  </datafield>
  <datafield tag="952" ind1=" " ind2=" ">
    <subfield code="0">0</subfield>
    <subfield code="1">0</subfield>
    <subfield code="2">ddc</subfield>
    <subfield code="4">0</subfield>
    <subfield code="7">0</subfield>
    <subfield code="a">SEACOMMC</subfield>
    <subfield code="b">SEACOMMC</subfield>
    <subfield code="d">2007-11-20</subfield>
    <subfield code="l">0</subfield>
    <subfield code="o">647.95 22 S 916</subfield>
    <subfield code="p">M-984</subfield>
    <subfield code="r">2024-11-23 14:05:06</subfield>
    <subfield code="t">4</subfield>
    <subfield code="w">2024-11-23</subfield>
    <subfield code="y">BOOK</subfield>
  </datafield>
  <datafield tag="999" ind1=" " ind2=" ">
    <subfield code="c">786</subfield>
    <subfield code="d">786</subfield>
  </datafield>
</record>
